Capital structure and corporate financing decisions theory, evidence and practice /
Guardado en:
| Otros Autores: | , |
|---|---|
| Formato: | Libro |
| Idioma: | English |
| Publicado: |
New Jersey :
John Wiley & Sons,
c2011.
|
| Series: | Robert W. Kolb series in finance.
|
| Materias: | |
| Acceso en línea: | Condiciones de acceso |
| Etiquetas: |
Agregar Etiqueta
Sin Etiquetas, Sea el primero en etiquetar este registro!
|
| LEADER | 01049nam a22002775a 4500 | ||
|---|---|---|---|
| 001 | EAD.ead004087 | ||
| 008 | 170508s2011####nju###########000#0#eng#d | ||
| 005 | 20210622130828.0 | ||
| 245 | 0 | 0 | |a Capital structure and corporate financing decisions |h [recurso electrónico] : |b theory, evidence and practice / |c H. Kent Baker and Gerald S. Martin (editors). |
| 260 | |a New Jersey : |b John Wiley & Sons, |c c2011. | ||
| 300 | |a 1 CD-ROM ; |c 4 3/4 plg. | ||
| 490 | 1 | |a Robert W. Kolb series in finance | |
| 020 | |a 9780470569528 | ||
| 020 | |a 9781118022924 | ||
| 700 | 1 | |a Baker, H. Kent |q (Harold Kent), |d 1944- | |
| 700 | 1 | |a Martin, Gerald S. | |
| 830 | 0 | |a Robert W. Kolb series in finance. | |
| 082 | 0 | 4 | |a 658.15 |2 21 |
| 650 | 7 | |a Administración financiera. |2 unbist | |
| 650 | 7 | |a Inversiones de capital. |2 unbist | |
| 650 | 7 | |a Estructura de capital. |2 isoc | |
| 653 | |a Decisiones financieras | ||
| 653 | |a Teoría de la jerarquización financiera | ||
| 655 | 7 | |a Libros electrónicos |2 local | |
| 856 | |y Condiciones de acceso |u mailto:bibliotecadca@gmail.com | ||
